朝ドラ主題歌担当アーティスト 〜21世紀〜 - Statistics

General Stats
  • This quiz has been taken 115 times
  • The average score is 15 of 31
Answer Stats
年度 朝ドラタイトル アーティスト名 曲名 % Correct
あさが来た AKB48 365日の紙飛行機
89%
2010 ゲゲゲの女房 いきものがかり ありがとう
88%
2024 虎に翼 米津玄師 さよーならまたいつか!
79%
2018 半分、青い。 星野 源 アイデア
78%
ごちそうさん ゆず 雨のち晴レルヤ
77%
カムカムエヴリバディ AI アルデバラン
73%
マッサン 中島みゆき 麦の唄
68%
2019 なつぞら スピッツ 優しいあの子
68%
2016 とと姉ちゃん 宇多田ヒカル 花束を君に
66%
2020 エール GReeeeN 星影のエール
63%
2014 花子とアン 絢香 にじいろ
62%
まんぷく DREAMS COME TRUE あなたとトゥラッタッタ♪
58%
おむすび B'z イルミネーション
55%
舞いあがれ! back number アイラブユー
54%
べっぴんさん Mr.Children ヒカリノアトリエ
54%
2017 ひよっこ 桑田佳祐 若い広場
52%
2023 らんまん あいみょん 愛の花
52%
スカーレット Superfly フレア
52%
2021 おかえりモネ BUMP OF CHICKEN なないろ
48%
2025 あんぱん RADWIMPS 賜物
47%
おちょやん 秦基博 泣き笑いのエピソード
38%
2012 梅ちゃん先生 SMAP さかさまの空
33%
カーネーション 椎名林檎 カーネーション
31%
2022 ちむどんどん 三浦大知 燦燦(さんさん)
31%
わろてんか 松たか子 明日はどこから
24%
純と愛 HY いちばん近くに
15%
2011 おひさま 平原綾香 おひさま~大切なあなたへ
11%
2013 あまちゃん あまちゃんスペシャル・ビッグバンド あまちゃん オープニングテーマ
11%
2015 まれ 土屋太鳳 希空~まれぞら~
11%
てっぱん 葉加瀬太郎 ひまわり
8%
ブギウギ さかいゆう ハッピー☆ブギ
5%
No matching quizzes found
Score Distribution
Percent of People with Each Score
Percentile by Number Answered
Your Score History
You have not taken this quiz